00772 2200265 4500001002100000005001700021008004100038020001800079035002500097082001100122090002200133100002200155245008100177250001100258260003700269300001800306500004400324650003000368700003300398850001500431990001500446999001500461999001500476999001500491YOGYA-0209000002935820151023095907.0 ind  a979-561-538-6 a0010-020900000029358 a297.67 a297.676bAbd QlT aABDUL HADI, Ahmad aAl-Quran berbicara tentang ibucHadi, penerjemah Abdul Aziz Salim Basyarahil aCet. 2 aJakartabGema Insani Pressc1999 a67 hlmc19 cm aJudul asli : Ul-Ummu fil-Qur'anil Karim aIslam dan Kedudukan Islam aBasyarahil, Abdul Aziz Salim aYOPDYOG(B) a424-B/2000 a00B0000423 a00B0000424 a00B0000425